| 000 | 00536nam a2200193 a 4500 | ||
|---|---|---|---|
| 005 | 20240614063706.0 | ||
| 008 | 991125s1973 lon 000 0 eng u | ||
| 035 | _aUPN01000033658 | ||
| 049 | _aCG | ||
| 050 | 4 | _aPE1113 J8.2 | |
| 245 | 0 | 0 |
_aJunior active context English : _bteacher's guide / _cWhite Colin... [et al.] |
| 260 |
_aLondon : _bMacMillan, _c1973 |
||
| 300 | _a92 p. | ||
| 440 | 0 | _aJunior ACE | |
| 650 | 4 |
_aInglés _xEstudio y enseñanza _918 |
|
| 700 | 2 |
_aWhite, Colin, _ecoaut. |
|
| 904 |
_aAC _b033659 |
||
| 905 | _aLibro | ||
| 999 |
_c33658 _d33658 |
||